| 000 | 00585nam a2200205 4500 | ||
|---|---|---|---|
| 005 | 20260312121913.0 | ||
| 008 | 240228b |||||||| |||| 00| 0 eng d | ||
| 020 |
_a9788185618067 _cRs. 395.00 |
||
| 040 | _aMAIN | ||
| 082 |
_a301.04 _bG36C |
||
| 100 | _aGiddens, Anthony | ||
| 245 | _aCapitalism and modern social theory: An analysis of the writings of Marx, Durkheim and Max Weber | ||
| 260 |
_aNew Delhi _bCambridge University Press _c2009 |
||
| 300 | _axvii, 261 | ||
| 650 | _aSociology | ||
| 650 | _aCapitalalism | ||
| 650 | _aSocial Theory | ||
| 942 | _cBK | ||
| 999 |
_c314276 _d314276 |
||